Teatro
Guardat en:
| Autor principal: | |
|---|---|
| Format: | Llibre |
| Idioma: | espanyol |
| Publicat: |
Buenos Aires, Argentina
Losada
1962
|
| Col·lecció: | Colección Gran Teatro del Mundo
|
| Matèries: | |
| Etiquetes: |
Afegir etiqueta
Sense etiquetes, Sigues el primer a etiquetar aquest registre!
|
MARC
| LEADER | 00000nam a2200000 a 4500 | ||
|---|---|---|---|
| 001 | UCZ1714 | ||
| 003 | CL-VaPUC | ||
| 005 | 20241121151344.0 | ||
| 008 | 950831e19620000AG |||||||||||||||||spa|d | ||
| 999 | |c 324872 |d 324870 | ||
| 040 | |c Pontificia Universidad Católica de Valparaíso | ||
| 082 | 0 | 4 | |a 862 BUE 1962 |2 21 |
| 100 | 0 | |a Buero Vallejo, Antonio |9 419479 | |
| 245 | 1 | 0 | |a Teatro |
| 246 | 1 | 0 | |a Historia de una escalera |
| 246 | 1 | 3 | |a La tejedora de sueños |
| 246 | 1 | 0 | |a Irene o el tesoro |
| 246 | 1 | 3 | |a Un soñador para un pueblo |
| 260 | 0 | 3 | |a Buenos Aires, Argentina |b Losada |c 1962 |
| 300 | |a 285 páginas | ||
| 490 | 0 | |a Colección Gran Teatro del Mundo | |
| 583 | |a last modification |c 19950831 00:00:00 |k Rodrigo Vera | ||
| 650 | 0 | |a Dramas españoles |9 267081 | |
| 942 | |c BK |2 ddc | ||
| 945 | |d 19950831 00:00:00 |a rbrito | ||